Office market in Europe (Record no. 110018)

MARC details
000 -LEADER
fixed length control field 01058cad a22002295a 4500
001 - CONTROL NUMBER
control field E148356
008 - FIXED-LENGTH DATA ELEMENTS--GENERAL INFORMATION
fixed length control field 090908s2009 fr d f s 000 0 eng d
035 ## - SYSTEM CONTROL NUMBER
System control number (Sirsi) u148356
041 0# - LANGUAGE CODE
Language code of text/sound track or separate title eng
050 04 - LIBRARY OF CONGRESS CALL NUMBER
Classification number 333.33 $2 18
110 2# - MAIN ENTRY--CORPORATE NAME
Corporate name or jurisdiction name as entry element BNP Paribas Real Estate
9 (RLIN) 5715
245 00 - TITLE STATEMENT
Title Office market in Europe
Remainder of title Q2 2009
Medium [electronic resource]
260 ## - PUBLICATION, DISTRIBUTION, ETC.
Place of publication, distribution, etc. [S.l]
Name of publisher, distributor, etc. BNP Paribas Real Estate
Date of publication, distribution, etc. 2009
490 #0 - SERIES STATEMENT
Series statement BNP Paribas Real Estate Office Market in Europe
Volume/sequential designation Second Quarter 2009
520 ## - SUMMARY, ETC.
Summary, etc. Reports that levels of take-up are lower than a year ago, however there is an increase of 7% when compared with Q1 2009. Levels of supply have increased, giving tenants more choice, and as a result, rents fell in almost all European cities.
590 ## - LOCAL NOTE (RLIN)
Local note KA
650 24 - SUBJECT ADDED ENTRY--TOPICAL TERM
Topical term or geographic name entry element BNP PARIBAS OFFICE MARKET IN EUROPE
651 #4 - SUBJECT ADDED ENTRY--GEOGRAPHIC NAME
Geographic name Europe
690 ## - LOCAL SUBJECT ADDED ENTRY--TOPICAL TERM (OCLC, RLIN)
Topical term or geographic name as entry element PROPERTY-COMMERCIAL PROPERTY-COMMERCIAL PROPERTY MARKET
856 40 - ELECTRONIC LOCATION AND ACCESS
Uniform Resource Identifier <a href="https://www.realestate.bnpparibas.co.uk">https://www.realestate.bnpparibas.co.uk</a>
Public note View this report free of charge at www.realestate.bnpparibas.co.uk (see research section)...
942 ## - ADDED ENTRY ELEMENTS (KOHA)
Suppress in OPAC 0
Holdings
Withdrawn status Lost status Source of classification or shelving scheme Damaged status Not for loan Home library Current library Shelving location Date acquired Total Checkouts Full call number Barcode Date last seen Copy number Price effective from Koha item type
    Dewey Decimal Classification     Virtual Virtual Online 08/09/2009   ONLINE PUBLICATION 148356-2001 06/08/2019 1 06/08/2019 Book